Southville International School and Colleges
Your cart is empty.
  • Cart
  • Lists
    Public lists Eva Luna New books Lux_list list_1
    Your lists Log in to create your own lists
  • Log in to your account
  • Your cookies
  • Search history
Southville International School and Colleges
  • Advanced search
  • Recent comments
  • Most popular
  • Libraries

Log in to your account

Log in with GOOGLE


If you do not have an external account, but do have a local account, you can still log in:

  1. Home
  2. MARC view: The RCRA compliance handbook /
Normal view MARC view ISBD view

The RCRA compliance handbook / (Record no. 662)

[ view plain ]
MARC details
000 -LEADER
fixed length control field 01144cam a2200337 a 4500
001 - CONTROL NUMBER
control field 3435930
003 - CONTROL NUMBER IDENTIFIER
control field OSt
005 - DATE AND TIME OF LATEST TRANSACTION
control field 20140310181635.0
008 - FIXED-LENGTH DATA ELEMENTS--GENERAL INFORMATION
fixed length control field 940504s1992 nyu 000 0 eng
010 ## - LIBRARY OF CONGRESS CONTROL NUMBER
LC control number 91075626
020 ## - INTERNATIONAL STANDARD BOOK NUMBER
International Standard Book Number 0781600715
040 ## - CATALOGING SOURCE
Original cataloging agency DLC
Transcribing agency DLC
Modifying agency DLC
043 ## - GEOGRAPHIC AREA CODE
Geographic area code n-us---
050 00 - LIBRARY OF CONGRESS CALL NUMBER
Classification number KF3946
Item number .N45 1992
082 00 - DEWEY DECIMAL CLASSIFICATION NUMBER
Classification number 346.7303/8
-- 347.30638
-- 20
100 1# - MAIN ENTRY--PERSONAL NAME
Personal name Neitzel, Charlotte L.
245 14 - TITLE STATEMENT
Title The RCRA compliance handbook /
Statement of responsibility, etc Charlotte L. Neitzel.
250 ## - EDITION STATEMENT
Edition statement Rev. ed.
260 ## - PUBLICATION, DISTRIBUTION, ETC. (IMPRINT)
Place of publication, distribution, etc New York, N.Y. :
Name of publisher, distributor, etc Executive Enterprises Publications Co.,
Date of publication, distribution, etc c1992.
300 ## - PHYSICAL DESCRIPTION
Extent x, 152 p. ;
Dimensions 29 cm.
440 #0 - SERIES STATEMENT/ADDED ENTRY--TITLE
Title Environmental compliance handbook series
521 ## - TARGET AUDIENCE NOTE
Target audience note
Source Lexile
526 ## - STUDY PROGRAM INFORMATION NOTE
Reading level 1210L to 1700L
541 ## - IMMEDIATE SOURCE OF ACQUISITION NOTE
-- 1
562 ## - COPY AND VERSION IDENTIFICATION NOTE
Number of copies For circulation one copy in the collection
650 #0 - SUBJECT ADDED ENTRY--TOPICAL TERM
Topical term or geographic name as entry element Hazardous wastes
General subdivision Law and legislation
Geographic subdivision United States.
650 #0 - SUBJECT ADDED ENTRY--TOPICAL TERM
Topical term or geographic name as entry element Liability for hazardous substances pollution damages
Geographic subdivision United States.
906 ## - LOCAL DATA ELEMENT F, LDF (RLIN)
a 7
b cbc
c orignew
d 2
e opcn
f 19
g y-gencatlg
942 ## - ADDED ENTRY ELEMENTS (KOHA)
Source of classification or shelving scheme Library of Congress Classification
Koha item type Books
Call number prefix
Holdings
Withdrawn status Lost status Source of classification or shelving scheme Damaged status Home library Current library Shelving location Date acquired Total Checkouts Full call number Barcode Date last seen Copy number Price effective from Koha item type
    Library of Congress Classification   Luxembourg Library Luxembourg Library Teachers Reference Section 03/17/2012   KF 3946 .N417 1992 4900 01/13/2015 1 10/03/2013 Books

The RCRA compliance handbook /

APA

Neitzel C. L., . (1992). The RCRA compliance handbook. New York, N.Y: Executive Enterprises Publications Co.

Chicago

Neitzel Charlotte L, . 1992. The RCRA compliance handbook. New York, N.Y: Executive Enterprises Publications Co.

Harvard

Neitzel C. L., . (1992). The RCRA compliance handbook. New York, N.Y: Executive Enterprises Publications Co.

MLA

Neitzel Charlotte L, . The RCRA compliance handbook. New York, N.Y: Executive Enterprises Publications Co. 1992.

  • Place hold
  • Print
  • Cite
  • Add to your cart (remove)
  • Save record
    BIBTEX Dublin Core MARCXML MARC (non-Unicode/MARC-8) MARC (Unicode/UTF-8) MARC (Unicode/UTF-8, Standard) MODS (XML) RIS
  • More searches
    Search for this title in:
    Other Libraries (WorldCat) Other Databases (Google Scholar) Online Stores (Bookfinder.com) Open Library (openlibrary.org)

Exporting to Dublin Core...

SOUTHVILLE LIBRARY

Southville International School and Colleges Library

1281 Tropical Ave. Cor. Luxembourg St., BF Homes International, Las Pinas City

Tel. No. 8256374 / 252358 Loc. 117/146

Powered by Koha